Normal view
MARC view
- القانون الاردني -اسرار التحقيق
Entry Topical Term
001 - CONTROL NUMBER
- control field: 62510
003 - CONTROL NUMBER IDENTIFIER
- control field: JO-AjAnu
005 - DATE AND TIME OF LATEST TRANSACTION
- control field: 20230606084217.0
008 - FIXED-LENGTH DATA ELEMENTS
- fixed length control field: 230606|| aca||aabn | a|a d
040 ## - CATALOGING SOURCE
- Original cataloging agency: JO-AjAnu
- Transcribing agency: JO-AjAnu
150 ## - HEADING--TOPICAL TERM
- Topical term or geographic name entry element: القانون الاردني -اسرار التحقيق
670 ## - SOURCE DATA FOUND
- Source citation: Work cat.: (JO-AjAnu)31877: إعداد الزعبي، مالك عماد محمد؛ إشراف زياد محمد الوحشات , author 62509, المسؤولية الجزائية المترتبه على إفشاء اسرار التحقيق في الشريع الأردني=Criminal responsibility arising from disclosing the secrets of the investigation in jordanian Legislation